| 000 | 01122nam a2200241Ia 4500 | ||
|---|---|---|---|
| 003 | Ost | ||
| 005 | 20260507075802.0 | ||
| 008 | 260507s9999||||xx |||||||||||||| ||und|| | ||
| 020 | _a9789931265115 | ||
| 040 | _cfsecg | ||
| 041 | _aara | ||
| 082 | _a658.8 | ||
| 100 |
_aلخذاري، حسناء _eمؤلف |
||
| 245 | 0 |
_aالتسويق الحسي / _c حسناء لخذاري |
|
| 260 |
_aالجزائر : _bدار قانة للنشر والتوزيع , _c2022 |
||
| 300 |
_a171 صفحة؛ _bإيضاحات ؛ _c24 سم |
||
| 520 | _aيضم الخلفية العلمية والتسويقية للتسويق الحسي، المنظومة العصبية لمعالجة المعلومات الحسية، التشريح العصبي والفسيولوجي للأنظمة الحسية، العلامة التجارية الحسية، تطور استخدام الحواس من الفكر البيولوجي إلى التسويق. | ||
| 653 | _aالتسويق | ||
| 653 | _aالعلامة التجارية | ||
| 653 | _aالمستهلك | ||
| 700 |
_aلحول، سامية _eمؤلف ثانوي |
||
| 942 | _cكتاب | ||
| 999 |
_c46293 _d46293 |
||